El Retorno del gran capitán
Según el analista, dentro de una situación de crisis, el quehacer político se convierte en asunto de personalismos: en medio de la tempestad se busca un hombre capaz de conducir la nave del partido a puerto seguro. Dentro del Partido Liberación Nacional, Daniel Oduber Q. se presenta en el momento co...
Saved in:
| Format: | Text |
|---|---|
| Subjects: | |
| Tags: |
Add Tag
No Tags, Be the first to tag this record!
|
MARC
| LEADER | 00000 a a2200000 04500 | ||
|---|---|---|---|
| 001 | 4033 | ||
| 003 | |||
| 040 | |||
| 245 | |a El Retorno del gran capitán | ||
| 520 | |a Según el analista, dentro de una situación de crisis, el quehacer político se convierte en asunto de personalismos: en medio de la tempestad se busca un hombre capaz de conducir la nave del partido a puerto seguro. Dentro del Partido Liberación Nacional, Daniel Oduber Q. se presenta en el momento como la persona que puede jugar ese papel, por lo menos respecto a ciertos sectores del partido. sin embargo, su retorno tropieza con serios obstáculos, tales como la salida a la palestra de algunos candidatos a presidente y la reforma al artículo constitucional que permitiría la reeleccción. HBQ/mb | ||
| 650 | |a POLITICA | ||
| 650 | |a POLITICOS | ||
| 650 | |a LIDERAZGO | ||
| 650 | |a REFORMA CONSTITUCIONAL | ||
| 650 | |a PRESIDENCIA | ||
| 650 | |a PARTIDOS POLITICOS | ||
| 773 | |g número 4; páginas 4-6 | ||
| 999 | |c 28688 |d 28688 | ||
